Statistics for Crescent City Quiz A-Z

Click here to take the quiz!

General Stats

  • This quiz has been taken 533 times
  • The average score is 17 of 24

Answer Stats

HintAnswer% Correct
A: Hunt _____ (surname)Athalar
95%
F: Bryce is half-human, half-____Fae
93%
B: The _____ QuarterBone
92%
D: Danika leads the Pack of _____Devils
88%
Q: Main character's last nameQuinlan
86%
W: Living Death cuts off an angel's ______wings
85%
R: Crown Prince of the FaeRuhn
84%
H: Contained in Bryce's tattooHorn
81%
M: Evil archangelMicah
81%
L: Hunt's unique and deadly powerLightning
80%
O: Hunt's actual first nameOrion
78%
E: Bryce's momEmber
76%
S: Bryce's secret; she is ____Starborn
73%
C: Name of the college (abbreviation)CCU
71%
T: Mer who helps out BryceTharion
70%
J: Name of Bryce's sparkly purple toyJelly Jubilee
65%
U: God (3 letters)Urd
61%
G: _____ AntiquitiesGriffin
58%
K: Type of demon terrorizing Crescent Citykristallos
56%
N: Creature inside Jesiba's tanknokk
56%
V: The name for non-human speciesVanir
54%
I: Name of the riverIstros
53%
P: An enemy of Hunt'sPollux
52%
Z: Female wolf who gets killedZelda
30%

Score Distribution

Percentile by Number Answered

Percent of People with Each Score

Your Score History

You have not taken this quiz